Úroveň a vývoj bankrotov v podnikoch súvisiacich s potravinárskym priemyslom, obchodom a službami v období 2010-2013

Na minha lista:
Detalhes bibliográficos
Autor principal: Čonková, Monika, 1976-
Formato: Capítulo de Livro
Idioma:eslovaco
inglês
Tags: Adicionar Tag
Sem tags, seja o primeiro a adicionar uma tag!

MARC

LEADER 00000nla a2200000 4500
001 0209106
005 20240502073455.5
041 0 |a slo 
041 0 |a eng 
044 |a SK 
245 1 0 |a Úroveň a vývoj bankrotov v podnikoch súvisiacich s potravinárskym priemyslom, obchodom a službami v období 2010-2013  |c Monika Čonková 
500 |a Abstrakt 
100 1 |a Čonková, Monika, 1976-